000 00685nam a2200181Ia 4500
008 090124s9999 xx 000 0 und d
082 _b752
_a261
100 _aदिघे गणेश रंगनाथ
245 _a चक्रवर्ती बादशाह पाचवे जार्ज
250 _a1
260 _c1912
300 _a33
600 _aदिघे गणेश रंगनाथ
630 _a चक्रवर्ती बादशाह पाचवे जार्ज
700 _aदिघे गणेश रंगनाथ
730 _a चक्रवर्ती बादशाह पाचवे जार्ज
942 _cBOOK
999 _c114712
_d114712